|
|
|
|
| LEADER |
02298nam a2200613 i 4500 |
| 001 |
nkc20162797826 |
| 003 |
CZ PrNK |
| 005 |
20160808074426.0 |
| 007 |
ta |
| 008 |
160510s2016 xr e f 000 0 cze |
| 015 |
|
|
|a cnb002797826
|
| 020 |
|
|
|a 978-80-7195-906-9
|q (brožováno)
|
| 035 |
|
|
|a (OCoLC)958227734
|
| 040 |
|
|
|a ABA001
|b cze
|d OLA001
|e rda
|
| 041 |
1 |
|
|a cze
|h ger
|
| 072 |
|
7 |
|a 27-4
|x Praktická teologie. Morální teologie
|2 Konspekt
|9 5
|
| 080 |
|
|
|a 27-423.75-317-318
|2 MRF
|
| 080 |
|
|
|a 27-4
|2 MRF
|
| 080 |
|
|
|a 27-317/-318
|2 MRF
|
| 080 |
|
|
|a 27-1/-9
|2 MRF
|
| 080 |
|
|
|a 27-277
|2 MRF
|
| 080 |
|
|
|a 27-277.2
|2 MRF
|
| 080 |
|
|
|a (0.062)
|2 MRF
|
| 100 |
1 |
|
|a Grün, Anselm,
|d 1945-
|7 jn19990002960
|4 aut
|
| 240 |
1 |
0 |
|a Damit die Welt verwandelt wird.
|l Česky
|7 aun2016922292
|
| 245 |
1 |
0 |
|a Sedmero skutků milosrdenství /
|c Anselm Grün ; z německého originálu Damit die Welt verwandelt wird - die sieben Werke der Barmherzigkeit ... přeložila Jindra Hubková
|
| 264 |
|
1 |
|a V Kostelním Vydří :
|b Karmelitánské nakladatelství,
|c 2016
|
| 300 |
|
|
|a 101 stran ;
|c 18 cm
|
| 336 |
|
|
|a text
|b txt
|2 rdacontent
|
| 337 |
|
|
|a bez média
|b n
|2 rdamedia
|
| 338 |
|
|
|a svazek
|b nc
|2 rdacarrier
|
| 490 |
1 |
|
|a Malý duchovní život ;
|v svazek 150
|
| 504 |
|
|
|a Obsahuje bibliografii
|
| 650 |
0 |
7 |
|a skutky milosrdenství
|7 ph913916
|2 czenas
|
| 650 |
0 |
7 |
|a křesťanský život
|7 ph122132
|2 czenas
|
| 650 |
0 |
7 |
|a učení Ježíše Krista
|7 ph838923
|2 czenas
|
| 650 |
0 |
7 |
|a křesťanské učení
|7 ph122129
|2 czenas
|
| 650 |
0 |
7 |
|a biblická interpretace
|7 ph118847
|2 czenas
|
| 650 |
0 |
7 |
|a biblické citáty
|7 ph118853
|2 czenas
|
| 650 |
0 |
9 |
|a works of mercy
|2 eczenas
|
| 650 |
0 |
9 |
|a Christian life
|2 eczenas
|
| 650 |
0 |
9 |
|a teaching of Jesus Christ
|2 eczenas
|
| 650 |
0 |
9 |
|a Christian doctrine
|2 eczenas
|
| 650 |
0 |
9 |
|a Biblical interpretation
|2 eczenas
|
| 650 |
0 |
9 |
|a Biblical quotations
|2 eczenas
|
| 655 |
|
7 |
|a populárně-naučné publikace
|7 fd131864
|2 czenas
|
| 655 |
|
9 |
|a popular works
|2 eczenas
|
| 700 |
1 |
|
|a Hubková, Jindra,
|d 1959-
|7 kpwa2675
|4 trl
|
| 830 |
|
0 |
|a Malý duchovní život
|0 s
|
| 910 |
2 |
|
|a BOA001
|b 1-1371.230
|
| 990 |
|
|
|a BK
|
| 995 |
|
|
|a 01
|
| 991 |
|
|
|b 201607
|c NOV
|
| 996 |
6 |
|
|b 2610676388
|c 1-1371.230
|l MZK
|r Sklad / do 1 hodiny
|n 0
|p p.v.
|w 001570492
|u 000010
|a 1
|e BOA001
|j MZK50
|s P
|